Informe sociológico sobre la situación social de España / (Record no. 151601)
[ view plain ]
| 000 -LEADER | |
|---|---|
| campo de control de longitud fija | 00627nam a2200193 i 4500 |
| 001 - NÚMERO DE CONTROL | |
| campo de control | 151601 |
| 003 - IDENTIFICADOR DE NÚMERO DE CONTROL | |
| campo de control | ES-MaACL |
| 005 - FECHA Y HORA DE LA ÚLTIMA TRANSACCIÓN | |
| campo de control | 20230906204302.0 |
| 008 - DATOS DE LONGITUD FIJA--INFORMACIÓN GENERAL | |
| campo de control de longitud fija | 191125s1966 sp |||| | spa d |
| 110 2# - ENTRADA PRINCIPAL--NOMBRE DE ENTIDAD CORPORATIVA | |
| Nombre de entidad corporativa o nombre de jurisdicción como elemento de entrada | Fundación FOESSA. |
| 9 (RLIN) | 4303 |
| 245 10 - MENCIÓN DEL TÍTULO | |
| Título | Informe sociológico sobre la situación social de España / |
| Mención de responsabilidad, etc. | Fundación FOESSA. |
| 260 ## - PUBLICACIÓN, DISTRIBUCIÓN, ETC. | |
| Lugar de publicación, distribución, etc. | Madrid : |
| Nombre del editor, distribuidor, etc. | Euramérica, |
| Fecha de publicación, distribución, etc. | 1966. |
| 300 ## - DESCRIPCIÓN FÍSICA | |
| Extensión | 361 p. ; |
| Dimensiones | 28 cm + |
| Material acompañante/anejo | 5 h. |
| 490 1# - MENCIÓN DE SERIE | |
| Mención de serie | Colección Foessa ; |
| Designación de volumen o secuencia | 1 |
| 651 ## - PUNTO DE ACCESO ADICIONAL DE MATERIA--NOMBRE GEOGRÁFICO | |
| Nombre geográfico | España- |
| Subdivisión general | Situación social- |
| Subdivisión cronológica | 1939-1975. |
| 9 (RLIN) | 163951 |
| 830 0# - PUNTO DE ACCESO ADICIONAL DE SERIE-TÍTULO UNIFORME | |
| Título uniforme | Colección Foessa ; |
| Designación de volumen o secuencia | 1 |
| 9 (RLIN) | 187658 |
| 852 ## - LOCALIZACIÓN | |
| Ubicación | ES-MaACL |
| Número de control de estantería | P-1086-1 |
| Estatus retirado | Estado de pérdida | Estado de daño | No para préstamo | Biblioteca de origen | Biblioteca actual | Ubicación en estantería | Fecha de adquisición | Fuente de adquisición | Total de préstamos | Signatura topográfica completa | Código de barras | Visto por última vez | Precio de reemplazo | Tipo de ítem Koha |
|---|---|---|---|---|---|---|---|---|---|---|---|---|---|---|
| Biblioteca del Ateneo de Madrid | Biblioteca del Ateneo de Madrid | Depósito 2 | 25/11/2019 | P-1086-1 | 1201280 | 23/02/2023 | 23/02/2023 | Libro impreso |
